[Event "Niederrhein-ch"]
[Site "Niederrhein"]
[Date "2006.04.14"]
[Round "8.9"]
[White "Biessner, Eberhard"]
[Black "Guenner, Carsten"]
[Result "1-0"]
[WhiteElo "1816"]
[BlackElo "1922"]
[PlyCount "61"]
[EventDate "2006.04.07"]
[EventType "swiss"]
[EventRounds "9"]
[EventCountry "GER"]
[SourceTitle "CBM 111 Extra"]
[Source "ChessBase"]
[SourceDate "2006.05.09"]
[SourceVersion "1"]
[SourceVersionDate "2006.05.09"]
[SourceQuality "1"]

1. e3 d5 2. d4 e6 3. c4 c6 4. Nc3 f5 5. Nf3 Nf6 6. cxd5 cxd5 7. Ne5 Be7 8. Bb5+ Nbd7 9. g4 fxg4 10. Nxg4 0-0 11. Rg1 g6 12. Bxd7 Bxd7 13. Ne5 Be8 14. Bd2 Nd7 15. Nd3 Rc8 16. Qg4 Rc6 17. Rc1 Bf7 18. Ke2 Bf6 19. f4 Bg7 20. Ne5 Nxe5 21. dxe5 d4 22. Ne4 Rxc1 23. Rxc1 Qd5 24. Nd6 Bxe5 25. fxe5 d3+ 26. Kd1 Be8 27. Nxe8 Rf1+ 28. Be1 d2 29. Nf6+ Kf7 30. Rc7+ Kf8 31. Qb4+ 1-0

[Event "Niederrhein-ch"]
[Site "Niederrhein"]
[Date "2003.04.16"]
[Round "6"]
[White "Scharrenbroich, Torsten Michael"]
[Black "Guenner, Carsten"]
[Result "0-1"]
[WhiteElo "1394"]
[BlackElo "1758"]
[PlyCount "74"]
[EventDate "2003.04.11"]
[EventType "swiss"]
[EventRounds "9"]
[EventCountry "GER"]
[SourceTitle "EXT 2006"]
[Source "ChessBase"]
[SourceDate "2005.11.24"]
[SourceVersion "1"]
[SourceVersionDate "2005.11.24"]
[SourceQuality "1"]

1. e4 e6 2. d4 d5 3. Nc3 Bb4 4. a3 Bxc3+ 5. bxc3 Ne7 6. Bd3 c5 7. Ne2 c4 8. Bxc4 dxc4 9. 0-0 0-0 10. Ng3 Nbc6 11. Be3 b6 12. f4 f5 13. e5 Bb7 14. Qe1 Qd5 15. Nh5 Nxe5 16. Qg3 N5g6 17. Rf2 Qd6 18. h3 Nd5 19. Bd2 Nf6 20. Nxf6+ gxf6 21. h4 Kf7 22. h5 Ne7 23. Qe3 Rg8 24. Qe2 Qd5 25. Kh2 Rg4 26. Kh3 Rag8 27. Rg1 Rg3+ 28. Kh2 Nc8 29. Rf3 Rxf3 30. gxf3 Rxg1 31. Kxg1 Qxf3 32. Qxf3 Bxf3 33. h6 Kg6 34. Kf2 Be4 35. Kg3 Ne7 36. Kh4 Kxh6 37. Kg3 Bxc2 0-1

[Event "Niederrhein-ch"]
[Site "Niederrhein"]
[Date "2003.04.12"]
[Round "2"]
[White "Fehmer, Carsten"]
[Black "Guenner, Carsten"]
[Result "1/2-1/2"]
[WhiteElo "2078"]
[BlackElo "1758"]
[PlyCount "156"]
[EventDate "2003.04.11"]
[EventType "swiss"]
[EventRounds "9"]
[EventCountry "GER"]
[SourceTitle "EXT 2006"]
[Source "ChessBase"]
[SourceDate "2005.11.24"]
[SourceVersion "1"]
[SourceVersionDate "2005.11.24"]
[SourceQuality "1"]

1. d4 d5 2. Nf3 Nf6 3. g3 e6 4. Bg2 c5 5. 0-0 Nc6 6. c3 Bd7 7. Nbd2 Rc8 8. Re1 Bd6 9. e4 dxe4 10. Nxe4 Nxe4 11. Rxe4 0-0 12. Ne5 Nxe5 13. dxe5 Be7 14. Rg4 h5 15. Re4 g6 16. c4 Bc6 17. Re1 Bxg2 18. Kxg2 Qxd1 19. Rxd1 Rfd8 20. Be3 b6 21. Kf3 Rxd1 22. Rxd1 Rd8 23. Ra1 Rd7 24. Ke2 f6 25. exf6 Bxf6 26. Rb1 Kf7 27. b3 Be5 28. h3 Bf6 29. g4 hxg4 30. hxg4 Bg7 31. Rh1 Be5 32. Rh7+ Ke8 33. Rh6 Kf7 34. Rh3 Kg7 35. Bh6+ Kf7 36. Rf3+ Ke7 37. Bg5+ Kd6 38. Rh3 Bg7 39. Rh7 e5 40. Rh3 Ke6 41. f3 Bf6 42. Be3 Bg7 43. Rh1 Kf6 44. Bc1 Ke6 45. Rh7 Bf6 46. Rxd7 Kxd7 47. Kd3 Ke6 48. Ke4 a5 49. Bb2 g5 50. Bc3 Bg7 51. a3 Bf6 52. b4 a4 53. bxc5 bxc5 54. Ba5 Be7 55. Bb6 Bf8 56. Ba5 Be7 57. Bd2 Bd8 58. Bc1 Bf6 59. Bd2 Bd8 60. Be1 Be7 61. Bg3 Bd6 62. Bh2 Bc7 63. Bg1 Bd6 64. Bf2 Bf8 65. Ke3 Bd6 66. Kd3 Kd7 67. Bg1 Bf8 68. Bf2 Bd6 69. Be1 Be7 70. Ke3 Kd6 71. Ba5 Bf6 72. Ke4 Ke6 73. Bc7 Bg7 74. Bd8 Bh6 75. Ke3 Kd7 76. Bb6 Bf8 77. Ke4 Ke6 78. Ba7 Bd6 1/2-1/2

[Event "Niederrhein-ch"]
[Site "Niederrhein"]
[Date "2001.04.12"]
[Round "7"]
[White "Hampel, Ernst"]
[Black "Guenner, Carsten"]
[Result "1/2-1/2"]
[WhiteElo "1545"]
[BlackElo "1757"]
[PlyCount "72"]
[EventDate "2001.04.06"]
[EventType "swiss"]
[EventRounds "9"]
[EventCountry "GER"]
[SourceTitle "EXT 2006"]
[Source "ChessBase"]
[SourceDate "2005.11.24"]
[SourceVersion "1"]
[SourceVersionDate "2005.11.24"]
[SourceQuality "1"]

1. d4 d5 2. c4 e6 3. cxd5 exd5 4. Nc3 Nf6 5. Bg5 Be7 6. Nf3 c6 7. e3 Bg4 8. h3 Bh5 9. Bd3 Nbd7 10. g4 Bg6 11. Bxg6 hxg6 12. Nd2 Nb6 13. Qe2 Qd6 14. a3 Qe6 15. 0-0-0 0-0-0 16. Kb1 Ne4 17. Bxe7 Nxc3+ 18. bxc3 Qxe7 19. Ka2 Na4 20. Rc1 b5 21. Nb3 g5 22. Qf3 Rd6 23. Rh2 Rdh6 24. Qg3 Qf6 25. Nd2 Qe7 26. Qf3 Kc7 27. e4 dxe4 28. Nxe4 Re6 29. Qg3+ Kc8 30. f3 Re8 31. Rf2 f6 32. h4 gxh4 33. Qxh4 Nb6 34. Qh5 Nc4 35. Qc5 Qxc5 36. Nxc5 Re3 1/2-1/2

[Event "Niederrhein-ch"]
[Site "Niederrhein"]
[Date "2001.04.11"]
[Round "6"]
[White "Vasiljev, Jurij"]
[Black "Guenner, Carsten"]
[Result "1-0"]
[WhiteElo "2046"]
[BlackElo "1757"]
[PlyCount "57"]
[EventDate "2001.04.06"]
[EventType "swiss"]
[EventRounds "9"]
[EventCountry "GER"]
[SourceTitle "EXT 2006"]
[Source "ChessBase"]
[SourceDate "2005.11.24"]
[SourceVersion "1"]
[SourceVersionDate "2005.11.24"]
[SourceQuality "1"]

1. d4 d5 2. c4 e6 3. Nc3 Nf6 4. Bg5 Be7 5. Nf3 Nbd7 6. e3 b6 7. cxd5 Nxd5 8. Nxd5 exd5 9. Bxe7 Qxe7 10. Qa4 Qd6 11. Bb5 a5 12. 0-0 0-0 13. Rac1 c5 14. Rfd1 Rd8 15. Qa3 Ba6 16. Bxd7 Rxd7 17. dxc5 Qc7 18. cxb6 Qxb6 19. Rc5 Be2 20. Rdxd5 Rxd5 21. Rxd5 Rc8 22. h3 Bxf3 23. gxf3 Qg6+ 24. Kh2 h6 25. Qxa5 Rc1 26. Qd8+ Kh7 27. Rd1 Rc2 28. Rd2 Rc1 29. Qd3 1-0

[Event "Niederrhein-ch"]
[Site "Niederrhein"]
[Date "2001.04.09"]
[Round "4"]
[White "Rezasade, Amir"]
[Black "Guenner, Carsten"]
[Result "1-0"]
[WhiteElo "1886"]
[BlackElo "1757"]
[PlyCount "99"]
[EventDate "2001.04.06"]
[EventType "swiss"]
[EventRounds "9"]
[EventCountry "GER"]
[SourceTitle "EXT 2006"]
[Source "ChessBase"]
[SourceDate "2005.11.24"]
[SourceVersion "1"]
[SourceVersionDate "2005.11.24"]
[SourceQuality "1"]

1. d4 d5 2. c4 e6 3. Nc3 Nf6 4. Nf3 c5 5. e3 cxd4 6. exd4 dxc4 7. Bxc4 Nc6 8. 0-0 Be7 9. Be3 0-0 10. Qe2 Nd5 11. Rfd1 Bf6 12. Ne4 Nxe3 13. fxe3 Be7 14. Rac1 Qb6 15. Bd3 Nb4 16. Bb1 Bd7 17. Ne5 Bb5 18. Qh5 f5 19. Ng5 Bxg5 20. Qxg5 Qd8 21. Qg3 Nc6 22. Rc5 a6 23. Nf3 Rf6 24. Qe1 Ne7 25. e4 Rc8 26. Rxc8 Qxc8 27. Rc1 Qd7 28. Qe3 fxe4 29. Qxe4 g6 30. Ne5 Qd5 31. Ng4 Rf8 32. h3 Bc6 33. Re1 Nf5 34. Qxe6+ Qxe6 35. Rxe6 Nxd4 36. Re7 Nf5 37. Bxf5 gxf5 38. Nh6+ Kh8 39. Nf7+ Kg8 40. Nd6 Rd8 41. Nxf5 Rd2 42. Nh6+ Kh8 43. Nf7+ Kg8 44. Nh6+ Kh8 45. g4 Rxb2 46. g5 Rg2+ 47. Kf1 Rxa2 48. Ke1 Ra3 49. Rc7 Rxh3 50. Rc8+ 1-0

[Event "Niederrhein-ch"]
[Site "Niederrhein"]
[Date "2001.04.07"]
[Round "2"]
[White "Guenner, Carsten"]
[Black "Biessner, Eberhard"]
[Result "1-0"]
[WhiteElo "1757"]
[BlackElo "1851"]
[PlyCount "97"]
[EventDate "2001.04.06"]
[EventType "swiss"]
[EventRounds "9"]
[EventCountry "GER"]
[SourceTitle "EXT 2006"]
[Source "ChessBase"]
[SourceDate "2005.11.24"]
[SourceVersion "1"]
[SourceVersionDate "2005.11.24"]
[SourceQuality "1"]

1. e4 Nf6 2. Nc3 d5 3. exd5 Nxd5 4. Nxd5 Qxd5 5. Nf3 Bf5 6. Be2 Nc6 7. 0-0 Nb4 8. d3 e6 9. Nh4 Bd6 10. Nxf5 Qxf5 11. c3 Nd5 12. Bf3 c6 13. d4 h5 14. Qe2 Nf6 15. Qd2 0-0-0 16. Qg5 Qh7 17. Bf4 Ne8 18. Bxd6 Nxd6 19. a4 a6 20. b4 f6 21. Qc5 Qf5 22. Qxf5 Nxf5 23. Rfe1 Rde8 24. b5 cxb5 25. axb5 axb5 26. Ra8+ Kc7 27. Rxe8 Rxe8 28. Bxh5 Re7 29. Bg4 Kd6 30. Bxf5 exf5 31. Rxe7 Kxe7 32. Kf1 Kd6 33. Ke2 Kd5 34. Kd3 b6 35. h4 Kd6 36. Kc2 Kd5 37. Kb3 Kd6 38. f4 Kd5 39. Kb4 Kc6 40. h5 Kd5 41. Kxb5 Ke4 42. Kxb6 Kxf4 43. d5 Kg3 44. d6 Kxg2 45. d7 f4 46. d8Q f3 47. Qd5 Kg3 48. Qd3 Kg2 49. Qg6+ 1-0